[Event "Frankfurt Ch 2012"]
[Site "Ffm-Kalbach, LAZ"]
[Date "2012.06.04"]
[Round "5.27"]
[White "Schellen, Sven"]
[Black "Seickel, Ralf"]
[Result "0-1"]
[WhiteElo "1770"]
[BlackElo "1928"]
[PlyCount "42"]
[EventDate "2012.??.??"]
[WhiteTeam "Sfr. Frankfurt 1921"]
[BlackTeam "vereinslos"]

1. d4 Nf6 2. c4 g6 3. f3 Bg7 4. e4 d6 5. Ne2 O-O 6. Be3 a6 7. Nec3 c6 8. a4 a5
9. Nd2 Na6 10. Be2 e5 11. d5 Nh5 12. g4 Nf4 13. Bxf4 exf4 14. h4 Qb6 15. Ra3
Nb4 16. Nb3 Bd7 17. Qd2 h6 18. Bd1 Rae8 19. dxc6 bxc6 20. Qxd6 Qe3+ 21. Kf1 Nd3
0-1

[Event "Frankfurt Ch 2012"]
[Site "Ffm-Kalbach, LAZ"]
[Date "2012.06.04"]
[Round "5.28"]
[White "Wagner, Dirk"]
[Black "Schneider, Marco"]
[Result "1-0"]
[WhiteElo "1922"]
[BlackElo "1750"]
[PlyCount "73"]
[EventDate "2012.??.??"]
[WhiteTeam "SC Matt im Park Ffm"]
[BlackTeam "SC Nidderau"]

1. d4 g6 2. c4 Bg7 3. Nc3 d6 4. Nf3 a6 5. g3 c5 6. Bg2 Nc6 7. d5 Nd4 8. O-O
Nxf3+ 9. exf3 Nf6 10. Bg5 O-O 11. Qd2 Re8 12. Rfe1 Rb8 13. a4 Bd7 14. Bf1 b6
15. Bd3 Qc8 16. Re2 e6 17. Rae1 b5 18. axb5 axb5 19. dxe6 Rxe6 20. Rxe6 fxe6
21. Nxb5 Bxb5 22. cxb5 c4 23. Rc1 Rxb5 24. Bxc4 Rc5 25. Ba2 Kf7 26. Rxc5 Qxc5
27. Bf4 Ke7 28. Kg2 Nd7 29. b4 Qc6 30. b5 Qc5 31. Qe2 Ne5 32. Be3 Qb4 33. Bd2
Qc5 34. f4 Qc2 35. fxe5 Qxa2 36. Bg5+ Kd7 37. Qxa2 1-0

[Event "Frankfurt Ch 2012"]
[Site "Ffm-Kalbach, LAZ"]
[Date "2012.06.04"]
[Round "5.29"]
[White "Kraus, Eduard"]
[Black "Faqiry, Ramat"]
[Result "1-0"]
[WhiteElo "1764"]
[BlackElo "1908"]
[PlyCount "95"]
[EventDate "2012.??.??"]
[WhiteTeam "SV Bergwinkel"]
[BlackTeam "SK Bad Homburg 1927"]

1. d4 Nf6 2. c4 e6 3. Nf3 Bb4+ 4. Bd2 Qe7 5. Nc3 O-O 6. e3 b6 7. Be2 Bb7 8. O-O
d6 9. Qc2 Nbd7 10. Rac1 e5 11. a3 Bxc3 12. Bxc3 Be4 13. Qd2 Rfe8 14. Rfd1 exd4
15. Bxd4 Rad8 16. b4 Ne5 17. Qb2 Bxf3 18. gxf3 Nfd7 19. f4 Ng6 20. Bf3 f6 21.
Qc2 Kh8 22. Bh5 f5 23. Qxf5 Rf8 24. Qg5 Qe6 25. Bxg6 Qxg6 26. Qxg6 hxg6 27. Kg2
Rf5 28. Kg3 Rdf8 29. h4 R8f7 30. Rg1 Kh7 31. Kf3 Nf8 32. Rg2 Ne6 33. Bb2 d5 34.
cxd5 Rxd5 35. Rcg1 Nf8 36. Bd4 c5 37. bxc5 bxc5 38. Bb2 Rb7 39. Be5 Rf7 40. Ke4
Rd2 41. h5 gxh5 42. Rxg7+ Rxg7 43. Rxg7+ Kh6 44. Rxa7 Rxf2 45. Bg7+ Kg6 46.
Bxf8 h4 47. Rg7+ Kh5 48. Kf5 1-0

[Event "Frankfurt Ch 2012"]
[Site "Ffm-Kalbach, LAZ"]
[Date "2012.06.04"]
[Round "5.30"]
[White "Genis, Roy"]
[Black "Zimmer, Gerald"]
[Result "1/2-1/2"]
[WhiteElo "1730"]
[BlackElo "1888"]
[PlyCount "94"]
[EventDate "2012.??.??"]
[WhiteTeam "Sfr. Frankfurt 1921"]
[BlackTeam "SC Bergen-Enkheim 1922"]

1. e4 e6 2. d4 d5 3. exd5 exd5 4. Nf3 Bg4 5. Bd3 Nc6 6. c3 Bd6 7. O-O Nge7 8.
Bg5 f6 9. Bh4 Qd7 10. Nbd2 Ng6 11. Re1+ Nce7 12. Bg3 Nf4 13. Bxf4 Bxf4 14. Qc2
O-O-O 15. h3 Be6 16. Re2 Bf7 17. Rae1 Rde8 18. Nh4 g6 19. Nb3 Bd6 20. a3 Nc6
21. Rxe8+ Rxe8 22. Rxe8+ Qxe8 23. Qe2 Qxe2 24. Bxe2 b6 25. g3 Be6 26. Bf1 Ne7
27. Nc1 Kd7 28. Kg2 g5 29. Nf3 h6 30. h4 Bg4 31. hxg5 hxg5 32. Be2 Bf5 33. Nd2
c5 34. dxc5 bxc5 35. Bd3 Be6 36. Ne2 Nc6 37. f4 gxf4 38. Nxf4 Bf7 39. Bf5+ Ke7
40. Ng6+ Ke8 41. Nf4 Ne7 42. Be6 Bxe6 43. Nxe6 Kd7 44. Nf4 Kc6 45. Kf3 Be5 46.
Nd3 Bd6 47. g4 Ng6 1/2-1/2

[Event "Frankfurt Ch 2012"]
[Site "Ffm-Kalbach, LAZ"]
[Date "2012.06.04"]
[Round "5.31"]
[White "Geringer, Waldemar"]
[Black "Storch, Dominik"]
[Result "1-0"]
[WhiteElo "1885"]
[BlackElo "1730"]
[PlyCount "65"]
[EventDate "2012.??.??"]
[WhiteTeam "SSg Rödermark/Eppertshausen"]
[BlackTeam "Sabt Frankfurter TV 1860"]

1. d4 f5 2. c4 e6 3. g3 d5 4. Bg2 c6 5. Nf3 Bd6 6. O-O Nf6 7. b3 O-O 8. Ba3 Bc7
9. Bxf8 Qxf8 10. Nc3 Bd7 11. Rc1 Bd6 12. c5 Bc7 13. b4 Be8 14. a4 Ne4 15. Ne5
Nxc3 16. Rxc3 Qf6 17. Nf3 Bh5 18. Qd3 Bxf3 19. Bxf3 g5 20. e3 a6 21. b5 g4 22.
Bg2 h5 23. bxa6 Rxa6 24. Rb3 Rxa4 25. Rxb7 Qg7 26. Qb3 Ra8 27. Qb2 h4 28. Ra1
Rxa1+ 29. Qxa1 f4 30. Qa7 fxe3 31. Rxc7 exf2+ 32. Kf1 Qf8 33. Rb7 1-0

[Event "Frankfurt Ch 2012"]
[Site "Ffm-Kalbach, LAZ"]
[Date "2012.06.04"]
[Round "5.32"]
[White "Rolf, Marco"]
[Black "Busic, Nedjeljko"]
[Result "1-0"]
[WhiteElo "1737"]
[BlackElo "1883"]
[PlyCount "65"]
[EventDate "2012.??.??"]
[WhiteTeam "SK Bad Homburg 1927"]
[BlackTeam "SC Bad Nauheim"]

1. d4 Nf6 2. c4 g6 3. Nc3 Bg7 4. e4 d6 5. Be2 O-O 6. Nf3 Nbd7 7. O-O c5 8. Be3
Ng4 9. Bg5 f6 10. Bh4 h5 11. h3 Nh6 12. Qd2 Nf7 13. Rad1 cxd4 14. Nxd4 Nc5 15.
f4 Bh6 16. Qc2 Bd7 17. f5 g5 18. Bg3 h4 19. Bh2 Rc8 20. b4 Na6 21. Nd5 Ne5 22.
Bxe5 dxe5 23. Ne6 Qe8 24. Nxf8 Ba4 25. Qb2 Bxd1 26. Ng6 Bxe2 27. Qxe2 Bf8 28.
Qh5 Kf7 29. Nxe5+ Kg7 30. Ng6 Rxc4 31. Qh8+ Kf7 32. Ne5+ fxe5 33. Qh5+ 1-0

[Event "Frankfurt Ch 2012"]
[Site "Ffm-Kalbach, LAZ"]
[Date "2012.06.04"]
[Round "5.33"]
[White "Stock, Jürgen"]
[Black "Weber, Andreas"]
[Result "1-0"]
[WhiteElo "1881"]
[BlackElo "1723"]
[PlyCount "91"]
[EventDate "2012.??.??"]
[WhiteTeam "SC Eschborn 1974"]
[BlackTeam "SC Flörsheim 1921"]

1. d4 d5 2. c3 e6 3. e3 Nc6 4. f4 g5 5. Bd3 gxf4 6. exf4 Nf6 7. Nf3 Bd6 8. Qe2
Qe7 9. Ne5 Bd7 10. Nd2 O-O-O 11. Ndf3 Qf8 12. Bd2 Be7 13. O-O-O Be8 14. Nxc6
Bxc6 15. Rde1 Ne4 16. Ne5 f5 17. Nxc6 bxc6 18. g4 Kd7 19. gxf5 exf5 20. Qh5 Rb8
21. b3 a5 22. Kc2 a4 23. Bxe4 dxe4 24. Qh3 axb3+ 25. axb3 Qf7 26. c4 Kd8 27.
Rhg1 Ra8 28. Ra1 Kd7 29. Bc3 Rxa1 30. Rxa1 Rg8 31. Ra5 Ke6 32. Re5+ Kd7 33.
Rxf5 Rg2+ 34. Kd1 Rg1+ 35. Ke2 Qe6 36. d5 cxd5 37. Rxd5+ Bd6 38. Qxh7+ Kc6 39.
f5 Qc8 40. Rb5 Rg2+ 41. Kf1 Rxh2 42. Qf7 Rh1+ 43. Kg2 Rh2+ 44. Kg1 Rc2 45. Qd5+
Kd7 46. Qe6+ 1-0

[Event "Frankfurt Ch 2012"]
[Site "Ffm-Kalbach, LAZ"]
[Date "2012.06.04"]
[Round "5.34"]
[White "Larem, Peter"]
[Black "Schmitt, Roland"]
[Result "0-1"]
[WhiteElo "1726"]
[BlackElo "1878"]
[PlyCount "80"]
[EventDate "2012.??.??"]
[WhiteTeam "SSg Rödermark/Eppertshausen"]
[BlackTeam "SK Großsachsen"]

1. e4 e6 2. d4 d5 3. Nc3 Bb4 4. e5 c5 5. a3 Ba5 6. b4 cxd4 7. Nb5 Bc7 8. f4 Nc6
9. Nf3 Nge7 10. Bd3 a6 11. Nxc7+ Qxc7 12. O-O g6 13. Bb2 Nf5 14. Bxf5 exf5 15.
Nxd4 Be6 16. Kh1 Rc8 17. Rc1 Nxd4 18. Bxd4 Qc6 19. c3 Rg8 20. Rf3 Qc4 21. h4 h6
22. Rh3 Kd7 23. Qa4+ Qb5 24. Qd1 g5 25. hxg5 hxg5 26. fxg5 Rxg5 27. c4 Rxc4 28.
Rxc4 Qxc4 29. Rc3 Qa2 30. Qc2 Qxc2 31. Rxc2 Rg4 32. Bb6 Rc4 33. Rxc4 dxc4 34.
Kg1 Kc6 35. Bd4 Kd5 36. Bc3 Ke4 37. Kf2 Kd3 38. Ba1 Kd2 39. Bd4 c3 40. Be3+ Kd1
0-1

[Event "Frankfurt Ch 2012"]
[Site "Ffm-Kalbach, LAZ"]
[Date "2012.06.04"]
[Round "5.35"]
[White "Fußnecker, Manfred"]
[Black "Bastian, Holger"]
[Result "1-0"]
[WhiteElo "1876"]
[BlackElo "1690"]
[PlyCount "37"]
[EventDate "2012.??.??"]
[WhiteTeam "Sfr. Frankfurt 1921"]
[BlackTeam "Aschaffenburg- Schweinheim e.V."]

1. e4 d6 2. d4 Nf6 3. Nc3 g6 4. Bg5 Bg7 5. Qd2 c6 6. O-O-O b5 7. Bh6 Bxh6 8.
Qxh6 b4 9. e5 bxc3 10. exf6 cxb2+ 11. Kb1 exf6 12. d5 Qa5 13. Nf3 cxd5 14. Qg7
Rf8 15. Qxf6 Be6 16. Nd4 Nd7 17. Qh4 Nc5 18. Bb5+ Bd7 19. Nc6 1-0

[Event "Frankfurt Ch 2012"]
[Site "Ffm-Kalbach, LAZ"]
[Date "2012.06.04"]
[Round "5.37"]
[White "Lebermann, Hellmuth"]
[Black "Geipert, Wilfried"]
[Result "1/2-1/2"]
[WhiteElo "1862"]
[BlackElo "1689"]
[PlyCount "52"]
[EventDate "2012.??.??"]
[WhiteTeam "SK Bad Homburg 1927"]
[BlackTeam "SC Brett vor'm Kopp Ffm"]

1. e4 d5 2. exd5 Qxd5 3. Nc3 Qa5 4. d4 Nf6 5. Nf3 Bf5 6. Bc4 e6 7. O-O c6 8. h3
Bd6 9. Qe2 O-O 10. Bg5 Nbd7 11. Rfe1 h6 12. Bd2 Qc7 13. Bd3 Bxd3 14. Qxd3 a5
15. Ne4 Bf4 16. Rad1 Rad8 17. c4 Bxd2 18. Rxd2 Nxe4 19. Qxe4 Nf6 20. Qe3 Rfe8
21. Ne5 Re7 22. b3 Nd7 23. Nf3 Nf6 24. Ne5 Nd7 25. Qc3 Nxe5 26. Rxe5 b6 1/2-1/2

[Event "Frankfurt Ch 2012"]
[Site "Ffm-Kalbach, LAZ"]
[Date "2012.06.04"]
[Round "5.38"]
[White "Becker, Karl-Heinz"]
[Black "Ottenburg, Ralph"]
[Result "0-1"]
[WhiteElo "1652"]
[BlackElo "1858"]
[PlyCount "62"]
[EventDate "2012.??.??"]
[WhiteTeam "SSg Rödermark/Eppertshausen"]
[BlackTeam "Sfr. Frankfurt 1921"]

1. Nf3 Nf6 2. g3 d5 3. Bg2 c5 4. O-O e6 5. d3 Be7 6. Nbd2 O-O 7. e4 Nc6 8. c3
b6 9. Re1 Qc7 10. e5 Nd7 11. d4 cxd4 12. Nxd4 Ncxe5 13. N2f3 Nxf3+ 14. Nxf3 Ba6
15. Bf4 Bd6 16. Bxd6 Qxd6 17. Qd4 Rac8 18. Rad1 b5 19. Bf1 Nb6 20. b3 Nd7 21.
c4 bxc4 22. bxc4 Qb6 23. cxd5 Bxf1 24. Rxf1 exd5 25. Qxd5 Nf6 26. Qd4 Qa6 27.
Rd2 h6 28. Qd3 Qa5 29. Rfd1 Rc3 30. Qe2 Re8 31. Qxe8+ Nxe8 0-1

[Event "Frankfurt Ch 2012"]
[Site "Ffm-Kalbach, LAZ"]
[Date "2012.06.04"]
[Round "5.39"]
[White "Krüger, Till"]
[Black "Cipca, Adrian"]
[Result "1-0"]
[WhiteElo "1857"]
[BlackElo "1663"]
[PlyCount "31"]
[EventDate "2012.??.??"]
[WhiteTeam "SC Nidderau"]
[BlackTeam "SK Bad Homburg 1927"]

1. e4 c5 2. Nf3 Nc6 3. Bb5 g6 4. c3 Bg7 5. O-O Nh6 6. d4 cxd4 7. cxd4 a6 8. Bc4
b5 9. Be2 Qc7 10. Nc3 O-O 11. Nd5 Qd8 12. Bf4 d6 13. Qc1 Nxd4 14. Nxd4 Bxd4 15.
Bxh6 Re8 16. Nc7 1-0

[Event "Frankfurt Ch 2012"]
[Site "Ffm-Kalbach, LAZ"]
[Date "2012.06.04"]
[Round "5.40"]
[White "Achelrod, Alexander"]
[Black "Bittner, Peter"]
[Result "1-0"]
[WhiteElo "1846"]
[BlackElo "1682"]
[PlyCount "93"]
[EventDate "2012.??.??"]
[WhiteTeam "Sfr. Heusenstamm"]
[BlackTeam "SC 1961 König Nied"]

1. d4 Nf6 2. Bf4 e6 3. e3 c5 4. c3 Nc6 5. Be2 cxd4 6. exd4 Qb6 7. Qc2 d5 8. Nd2
Bd7 9. Nb3 Rc8 10. Qd3 Be7 11. Nf3 O-O 12. O-O Ne4 13. Rfe1 Bf6 14. Be3 Qc7 15.
Nbd2 Nxd2 16. Bxd2 Ne7 17. Bd1 Qc4 18. Qb1 Ng6 19. b3 Qc7 20. Qd3 Nf4 21. Qe3
Ng6 22. Bc2 Rfe8 23. Ne5 Bxe5 24. dxe5 Qc5 25. Qg3 d4 26. c4 b5 27. Bd3 bxc4
28. bxc4 Rb8 29. h4 Ne7 30. Bh6 g6 31. h5 Nf5 32. Bxf5 exf5 33. hxg6 fxg6 34.
e6 Bc6 35. Re5 Qxc4 36. Rxf5 Qxe6 37. Rc5 Qe4 38. Rac1 Rb1 39. Rxb1 Qxb1+ 40.
Kh2 Re1 41. Qf4 Rh1+ 42. Kg3 Qd3+ 43. f3 Rxh6 44. Rxc6 g5 45. Rc8+ Kg7 46. Qf8+
Kg6 47. Rc6+ 1-0

[Event "Frankfurt Ch 2012"]
[Site "Ffm-Kalbach, LAZ"]
[Date "2012.06.04"]
[Round "5.41"]
[White "Meiser, Nicolas"]
[Black "Willenbring, Jens-Dirk"]
[Result "1-0"]
[WhiteElo "1839"]
[BlackElo "1522"]
[PlyCount "25"]
[EventDate "2012.??.??"]
[WhiteTeam "SV Lahn Limburg"]
[BlackTeam "Bad Vilbeler Sfr.1985"]

1. d4 d5 2. Nf3 e6 3. e3 c5 4. c3 Nf6 5. Bd3 c4 6. Bc2 Nc6 7. Nbd2 Bd6 8. O-O
O-O 9. Qe2 b5 10. e4 dxe4 11. Nxe4 Be7 12. Nxf6+ Bxf6 13. Qe4 1-0

[Event "Frankfurt Ch 2012"]
[Site "Ffm-Kalbach, LAZ"]
[Date "2012.06.04"]
[Round "5.42"]
[White "Koch, Thomas"]
[Black "Kulenovic, Adnan"]
[Result "0-1"]
[WhiteElo "1669"]
[BlackElo "1949"]
[PlyCount "84"]
[EventDate "2012.??.??"]
[WhiteTeam "SV 1934 Ffm-Griesheim"]
[BlackTeam "SK Springer Rodenbach"]

1. e4 e6 2. d4 d5 3. Nc3 Nf6 4. Bg5 Be7 5. e5 Ne4 6. Bxe7 Nxc3 7. Bxd8 Nxd1 8.
Bxc7 Nxb2 9. Rb1 Na4 10. Bb5+ Bd7 11. Ne2 Bxb5 12. Rxb5 Kd7 13. Bd6 Kc6 14. Rb3
a6 15. Bxb8 Raxb8 16. Kd2 b5 17. Rhb1 Rb7 18. Nc3 Nb6 19. a4 Nc4+ 20. Kd3 Rhb8
21. axb5+ axb5 22. Na2 Rb6 23. Nb4+ Kd7 24. Ra1 Ke8 25. Na6 Rc8 26. Nc5 Nxe5+
27. dxe5 Rxc5 28. Ra8+ Kd7 29. Ra7+ Rc7 30. Ra5 Rcb7 31. Ra8 f6 32. f4 Ke7 33.
Rh8 h6 34. Rc3 b4 35. Rcc8 b3 36. Rhf8 b2 37. exf6+ gxf6 38. Rfe8+ Kf7 39. Rf8+
Kg6 40. g4 f5 41. gxf5+ exf5 42. h4 h5 0-1

[Event "Frankfurt Ch 2012"]
[Site "Ffm-Kalbach, LAZ"]
[Date "2012.06.04"]
[Round "5.43"]
[White "Sallwey, Rainer"]
[Black "Rutsatz, Mario"]
[Result "1/2-1/2"]
[WhiteElo "1561"]
[BlackElo "1939"]
[PlyCount "78"]
[EventDate "2012.??.??"]
[WhiteTeam "SK Langen"]
[BlackTeam "Sfr. Frankfurt 1921"]

1. e4 c5 2. Nf3 d6 3. d4 cxd4 4. Nxd4 Nf6 5. Nc3 a6 6. a4 e5 7. Nb3 h6 8. Be2
Be7 9. O-O O-O 10. Be3 b6 11. f3 Bb7 12. Qd2 d5 13. exd5 Nxd5 14. Nxd5 Bxd5 15.
c4 Be6 16. Rfd1 Nd7 17. Qc2 Qc7 18. Nd2 Rac8 19. Rac1 Bc5 20. Nf1 a5 21. Kh1 f5
22. Bxc5 Nxc5 23. b3 e4 24. Ne3 Qf7 25. Rd6 f4 26. Nd5 Bxd5 27. Rxd5 Qe7 28.
Rcd1 Rfe8 29. h3 exf3 30. Bxf3 Qe3 31. Qg6 Qxb3 32. Rb1 Qxa4 33. Bg4 Qc6 34.
Rd6 Qe4 35. Bf5 Qe5 36. Rd5 Qc3 37. Qh7+ Kf8 38. Bxc8 Re1+ 39. Rxe1 Qxe1+
1/2-1/2

[Event "Frankfurt Ch 2012"]
[Site "Ffm-Kalbach, LAZ"]
[Date "2012.06.04"]
[Round "5.44"]
[White "Gräbner, Walter"]
[Black "Steiz, Johann"]
[Result "1-0"]
[WhiteElo "1935"]
[BlackElo "1598"]
[PlyCount "101"]
[EventDate "2012.??.??"]
[WhiteTeam "SC 1961 König Nied"]
[BlackTeam "ESV Grossenbaum e.V. 1973"]

1. d4 Nf6 2. c4 e6 3. Nf3 b6 4. g3 Bb7 5. Bg2 Be7 6. O-O O-O 7. Nc3 d5 8. Ne5
c6 9. Qa4 Nfd7 10. Rd1 f6 11. Nd3 Bd6 12. e4 dxc4 13. Qxc4 Qe7 14. Bf4 g5 15.
Bxd6 Qxd6 16. e5 fxe5 17. dxe5 Nxe5 18. Nxe5 Qxe5 19. Re1 Qf6 20. Qxe6+ Qxe6
21. Rxe6 Na6 22. Ne4 Nc5 23. Nxc5 bxc5 24. Rc1 Rae8 25. Rxe8 Rxe8 26. Bf3 Re5
27. Rd1 Kf7 28. Rd3 Re1+ 29. Kg2 Ba6 30. Bh5+ Kf6 31. Rf3+ Ke5 32. h3 Bc4 33.
Ra3 a6 34. Bf3 Bf1+ 35. Kh2 Bb5 36. Re3+ Rxe3 37. fxe3 c4 38. Kg2 a5 39. Kf2 c5
40. h4 gxh4 41. gxh4 a4 42. a3 Bd7 43. Ke1 Bf5 44. Kd2 Bd3 45. Bc6 Kf5 46. Bxa4
Kg4 47. Bc6 Kxh4 48. a4 Bf1 49. Kc3 Kg3 50. a5 Bh3 51. a6 1-0

[Event "Frankfurt Ch 2012"]
[Site "Ffm-Kalbach, LAZ"]
[Date "2012.06.04"]
[Round "5.45"]
[White "Haftmann, Rainer"]
[Black "Riha, Peter"]
[Result "1-0"]
[WhiteElo "1845"]
[BlackElo "1592"]
[PlyCount "88"]
[EventDate "2012.??.??"]
[WhiteTeam "SAbt SG 1945 Dietzenbach"]
[BlackTeam "SC Bergen-Enkheim 1922"]

1. e4 e5 2. Nf3 Nc6 3. Bb5 a6 4. Ba4 d6 5. O-O Bd7 6. c3 Nge7 7. d4 Ng6 8. Re1
Be7 9. Nbd2 h6 10. Nf1 Bg5 11. Ne3 Bxe3 12. Bxe3 O-O 13. Qd2 Bg4 14. Bd1 f5 15.
exf5 Bxf5 16. dxe5 Ngxe5 17. Bb3+ Kh7 18. Nxe5 Nxe5 19. Bd4 Nc6 20. Re3 Qd7 21.
Rae1 Nxd4 22. Qxd4 Rae8 23. h3 Rxe3 24. Qxe3 d5 25. Qd4 c6 26. g4 Bg6 27. c4
Re8 28. Rd1 Be4 29. Qd2 Qf7 30. Qc3 Qf3 31. Qxf3 Bxf3 32. Rd2 Re5 33. cxd5 Bxd5
34. Bxd5 Rxd5 35. Rxd5 cxd5 36. f4 h5 37. Kf2 hxg4 38. hxg4 Kg6 39. Ke3 Kf6 40.
Kd4 Ke6 41. b3 a5 42. a3 b5 43. b4 axb4 44. axb4 g6 1-0

[Event "Frankfurt Ch 2012"]
[Site "Ffm-Kalbach, LAZ"]
[Date "2012.06.04"]
[Round "5.46"]
[White "Budde, Michael"]
[Black "Stulken, Dietmar"]
[Result "1-0"]
[WhiteElo "1720"]
[BlackElo "1418"]
[PlyCount "41"]
[EventDate "2012.??.??"]
[WhiteTeam "SC 1979 Hattersheim"]
[BlackTeam "Sfr. Frankfurt 1921"]

1. d4 d5 2. c4 c6 3. Nc3 Nf6 4. Bg5 e6 5. Nf3 Nbd7 6. e3 Bd6 7. Be2 O-O 8. Qc2
dxc4 9. Bxc4 b5 10. Bd3 Re8 11. Bxh7+ Kh8 12. Be4 Qb6 13. Bxf6 Nxf6 14. Ng5 Re7
15. O-O Ng4 16. Bxc6 f5 17. Bxa8 Bxh2+ 18. Kh1 e5 19. Nd5 Qg6 20. Nxe7 Qxg5 21.
Qxc8+ 1-0

[Event "Frankfurt Ch 2012"]
[Site "Ffm-Kalbach, LAZ"]
[Date "2012.06.04"]
[Round "5.50"]
[White "Mehl, Ulrich"]
[Black "Arnold, Michael"]
[Result "1-0"]
[WhiteElo "1553"]
[BlackElo "1703"]
[PlyCount "93"]
[EventDate "2012.??.??"]
[WhiteTeam "SAbt TSG Nieder-Erlenbach 1888"]
[BlackTeam "SK Langen"]

1. d4 d5 2. c4 e6 3. Nc3 Nf6 4. Bg5 Nbd7 5. e3 c6 6. Nf3 Bd6 7. Bd3 O-O 8. Qc2
h6 9. Bh4 dxc4 10. Bxc4 e5 11. dxe5 Nxe5 12. Nxe5 Bxe5 13. Rd1 Qe7 14. O-O Be6
15. Bxe6 Qxe6 16. Rd3 g5 17. Bg3 Bxg3 18. hxg3 Rad8 19. Rfd1 Qf5 20. e4 Qc8 21.
Rd6 Rxd6 22. Rxd6 Kg7 23. Qd3 Re8 24. Qd4 Re6 25. Rxe6 Qxe6 26. Qxa7 Nxe4 27.
Nxe4 Qxe4 28. Qxb7 Qe1+ 29. Kh2 Qe2 30. Qb3 Qxf2 31. a4 h5 32. Qc3+ f6 33. a5
h4 34. a6 hxg3+ 35. Qxg3 Qa7 36. Qd3 Qc7+ 37. g3 Qa7 38. Kg2 Kh6 39. Qc4 Qb6
40. b3 c5 41. Qa4 Qa7 42. Qb5 Qe7 43. Kf2 g4 44. Qb7 Qd6 45. a7 Qd2+ 46. Kg1
Qe1+ 47. Kh2 1-0

[Event "Frankfurt Ch 2012"]
[Site "Ffm-Kalbach, LAZ"]
[Date "2012.06.04"]
[Round "5.51"]
[White "Lemonidis, Christos"]
[Black "Crnjac, Zdravko"]
[Result "1/2-1/2"]
[WhiteElo "1702"]
[BlackElo "1468"]
[PlyCount "78"]
[EventDate "2012.??.??"]
[WhiteTeam "SC 1961 König Nied"]
[BlackTeam "SAbt TSG Nieder-Erlenbach 1888"]

1. e4 d6 2. g3 Nd7 3. Bg2 e6 4. Ne2 h5 5. d3 c5 6. Nd2 e5 7. Nc4 b5 8. Ne3 Ngf6
9. a4 Ba6 10. axb5 Bxb5 11. Bd2 a5 12. Nc3 Bc6 13. Nc4 a4 14. Ne2 h4 15. gxh4
Rxh4 16. Ng3 d5 17. exd5 Bxd5 18. Bxd5 Nxd5 19. Nf5 Rh7 20. Ncd6+ Bxd6 21.
Nxd6+ Kf8 22. Qf3 N7f6 23. Nc4 Rh5 24. h4 Ra6 25. Bg5 Rh7 26. Qf5 Rh5 27. Nxe5
Re6 28. O-O Qe8 29. Nf3 Qd7 30. c4 g6 31. Qh3 Nb6 32. Bxf6 Rxf6 33. Qxd7 Nxd7
34. Kg2 Ra6 35. Rfe1 Rf5 36. Re3 Kg7 37. Ra3 Nf6 38. Kg3 Nh5+ 39. Kg4 Raf6
1/2-1/2

[Event "Frankfurt Ch 2012"]
[Site "Ffm-Kalbach, LAZ"]
[Date "2012.06.04"]
[Round "5.52"]
[White "Kletzerman, Simon"]
[Black "Kraus, Roman"]
[Result "0-1"]
[WhiteElo "1546"]
[BlackElo "1647"]
[PlyCount "96"]
[EventDate "2012.??.??"]
[WhiteTeam "SAbt TuS Makkabi Ffm"]
[BlackTeam "SV Bergwinkel"]

1. e4 c6 2. d4 d5 3. e5 c5 4. c3 Nc6 5. Nf3 Bg4 6. Be2 e6 7. O-O Qb6 8. Be3
Qxb2 9. Qb3 Qxb3 10. axb3 cxd4 11. cxd4 Bb4 12. Na3 Nge7 13. h3 Bf5 14. g4 Be4
15. Ng5 Bg6 16. Nb5 Kd7 17. Na3 h6 18. Nf3 Be4 19. Nd2 Bxd2 20. Bxd2 Nxd4 21.
Bd1 a6 22. f3 Bd3 23. Re1 Rac8 24. Re3 Bc2 25. Nxc2 Nxc2 26. Bxc2 Rxc2 27. Bb4
Ng6 28. Be1 Rhc8 29. Bg3 Ne7 30. Rf1 R8c3 31. Rxc3 Rxc3 32. b4 Nc6 33. Be1 Rb3
34. f4 Rxh3 35. b5 axb5 36. Kg2 Rd3 37. Bg3 b4 38. g5 h5 39. f5 exf5 40. Rxf5
Ke6 41. Rf4 b3 42. Rf2 Rc3 43. Bf4 Rc2 44. Rxc2 bxc2 45. Kf3 Nxe5+ 46. Ke2 b5
47. Kd2 c1=Q+ 48. Kxc1 Nd3+ 0-1

[Event "Frankfurt Ch 2012"]
[Site "Ffm-Kalbach, LAZ"]
[Date "2012.06.04"]
[Round "5.53"]
[White "Reichel, Rolf"]
[Black "Lanz, Jürgen"]
[Result "1-0"]
[WhiteElo "1619"]
[BlackElo "1468"]
[PlyCount "77"]
[EventDate "2012.??.??"]
[WhiteTeam "Sfr. Frankfurt 1921"]
[BlackTeam "SC 1979 Hattersheim"]

1. b4 e5 2. Bb2 Bxb4 3. Bxe5 Nf6 4. Nf3 d6 5. Bb2 Nc6 6. e3 Bg4 7. Be2 Qe7 8.
O-O O-O 9. Nc3 Rad8 10. a3 Ba5 11. h3 Bh5 12. Rb1 Ne5 13. Nd4 Bxe2 14. Qxe2 c5
15. Nf5 Qd7 16. Ng3 a6 17. Nce4 Nxe4 18. Nxe4 Rfe8 19. d3 f5 20. Ng3 f4 21. Ne4
f3 22. gxf3 Qxh3 23. Bxe5 Rxe5 24. Ng3 Rf8 25. Rxb7 Bd8 26. Rfb1 Rf4 27. Qf1
Qxf1+ 28. Kxf1 Rxf3 29. Ke2 Rf7 30. Rb8 Re8 31. Ne4 Rd7 32. Rg1 Kf7 33. c4 g6
34. Rgb1 h6 35. Ra8 Be7 36. Rxa6 d5 37. cxd5 Rxd5 38. Rb7 Re5 39. Nd6+ 1-0

[Event "Frankfurt Ch 2012"]
[Site "Ffm-Kalbach, LAZ"]
[Date "2012.06.04"]
[Round "5.54"]
[White "Weber, Axel"]
[Black "Midanka, Vladimir"]
[Result "1/2-1/2"]
[WhiteElo "1490"]
[BlackElo "1619"]
[PlyCount "59"]
[EventDate "2012.??.??"]
[WhiteTeam "Sfr. Frankfurt 1921"]
[BlackTeam "vereinslos"]

1. d4 e6 2. c4 Nf6 3. Nc3 c5 4. d5 exd5 5. cxd5 d6 6. e4 a6 7. a4 Be7 8. Bd3
O-O 9. Nge2 Re8 10. O-O Nbd7 11. f4 Qb6 12. Kh1 Nf8 13. h3 Bd8 14. Ng3 Ng6 15.
Qc2 Qc7 16. b3 Bd7 17. Nd1 Rb8 18. Bd2 Qc8 19. Nf2 b5 20. axb5 axb5 21. Ra2 Ra8
22. Rfa1 Rxa2 23. Qxa2 Be7 24. Qa6 b4 25. Qxc8 Rxc8 26. Kh2 h5 27. Ra7 Nf8 28.
Bc1 h4 29. Nf1 Re8 30. Ne3 1/2-1/2

[Event "Frankfurt Ch 2012"]
[Site "Ffm-Kalbach, LAZ"]
[Date "2012.06.04"]
[Round "5.55"]
[White "Bergner, Matthias"]
[Black "Zerhusen, Martin"]
[Result "1/2-1/2"]
[WhiteElo "1514"]
[BlackElo "1610"]
[PlyCount "81"]
[EventDate "2012.??.??"]
[WhiteTeam "SF Hannover"]
[BlackTeam "SV Oberursel"]

1. d4 f5 2. e3 Nf6 3. f4 e6 4. Nf3 b6 5. Be2 Bb7 6. O-O Be7 7. Nbd2 O-O 8. b3
d5 9. Ne5 c5 10. c3 Nc6 11. Bb2 Rc8 12. Rc1 Qe8 13. Ndf3 Ne4 14. Nxc6 Bxc6 15.
Ne5 Bd6 16. Bh5 g6 17. Bf3 Bxe5 18. fxe5 cxd4 19. cxd4 Bb5 20. Re1 Qd7 21. Ba3
Rxc1 22. Qxc1 Rc8 23. Qb2 Qc6 24. Bxe4 fxe4 25. Rc1 Qxc1+ 26. Qxc1 Rxc1+ 27.
Bxc1 Bd3 28. a3 Kf7 29. Kf2 Bc2 30. b4 g5 31. g3 g4 32. Ke2 Ke7 33. Kd2 Bd3 34.
Kc3 Kd7 35. a4 Kc6 36. Ba3 Be2 37. b5+ Kb7 38. Bd6 Bd1 39. Kb4 Be2 40. a5 Bd3
41. a6+ 1/2-1/2

[Event "Frankfurt Ch 2012"]
[Site "Ffm-Kalbach, LAZ"]
[Date "2012.06.04"]
[Round "5.57"]
[White "Muthig, Holger"]
[Black "Mook, Karl-Jürgen"]
[Result "1-0"]
[WhiteElo "1599"]
[BlackElo "1278"]
[PlyCount "79"]
[EventDate "2012.??.??"]
[WhiteTeam "Sfr. Frankfurt 1921"]
[BlackTeam "Sfr. Frankfurt 1921"]

1. d4 d5 2. c4 c6 3. Nc3 Nf6 4. e3 Bf5 5. cxd5 cxd5 6. Bb5+ Bd7 7. Bd3 Nc6 8.
Nf3 Nb4 9. Bb1 Bg4 10. Qa4+ Nc6 11. Ne5 Bd7 12. Nxd7 Qxd7 13. O-O e6 14. Bd3
Be7 15. Bd2 O-O 16. f4 a6 17. f5 b5 18. Qd1 e5 19. dxe5 Nxe5 20. Bc2 Bc5 21.
Ne2 Nc4 22. Nd4 Nxb2 23. Qf3 Nc4 24. Bc3 b4 25. Be1 Rfe8 26. Bb3 Nxe3 27. Bf2
Nxf1 28. Rxf1 Ne4 29. Be3 Bxd4 30. Bxd4 Nd2 31. Qg3 g6 32. Qg5 Qe7 33. Qh6 Qf8
34. Qxd2 Qd6 35. fxg6 Qxg6 36. Bxd5 Re6 37. Bxe6 fxe6 38. Qxb4 Qe4 39. Qd6 Qd5
40. Qg3+ 1-0